LDR 00647naa#a2200169#i#450# 001 EN\\bibl\120796 005 20260418113515.6 011 ## _a2409-1073 100 ## _a20240620b2024####ek#y0engy0150####ca 102 ## _aRU 200 1# _aPeculiarities of translating English archaic words (a case study of obsolete words in G. R. R. Martin’s novel “A Game of Thrones”) _eJournal article 210 1# _aMoscow _cNational Research University of Electronic Technology _d2024 215 ## _a0 с. 608 ## _aJournal article _2local 675 ## _aЛингвистика. Языкознание. Языки. 81 _z 700 #1 _aEmelyanenko _gMikhail D. 856 4# _aesgi-journal.ru _u